000 00925nmm a2200265 a 4500
001 ocm000701319
003 TR-IsHL
005 20201028133432.0
008 131121s1989 tu tur
007 cr cn
035 _a701319
_b(N$T)
050 0 4 _aSH291
_b.T87 1989
090 0 4 _aSH291
_b.T87 1989
245 1 0 _aTürkiye su ürünleri küçük kurultayı 20 - 22 Eylül 1989
_h[electronic resource]
260 _aİstanbul :
_bİstanbul Ticaret Odası,
_c1989
300 _a196 p.
650 4 _aEkonomi ve Finans
650 4 _aEconomics and Finance
650 0 _aDeniz kirliliği
_x Türkiye
650 0 _aMarine pollution
_x Turkey
650 0 _aBalık kültürü
_x Su kaynakları
650 0 _aFish-culture
_x Water supply
650 7 _aTECHNOLOGY & ENGINEERING / Fisheries & Aquaculture
_2bisacsh
856 4 0 _uhttp://search.ebscohost.com/login.aspx?direct=true&scope=site&db=e011xww&AN=701319
999 _c5638
_d5638